| 000 | 00829cam a2200217 4500 | ||
|---|---|---|---|
| 001 | ABS63598 | ||
| 008 | 000000n2001 000 0 eng u | ||
| 035 | _a(Sirsi) u110811 | ||
| 245 | _aWhat's it worth? | ||
| 260 | _c2001 | ||
| 490 |
_aProperty Week _v66(5) 2February 2001, 92-93(2) |
||
| 520 | _aDescribes how to calculate the residual value of land and buildings, one of the principal methods of deriving the worth or open market value of property that has potential for development. Outlines the costs that must be considered and includes a residual valuations checklist. | ||
| 590 | _aABS | ||
| 650 | _aCOSTS | ||
| 650 | _aDEVELOPMENT VALUE | ||
| 650 | _aPROPERTY DEVELOPMENT | ||
| 650 | _aRESIDUAL VALUATION | ||
| 650 | _aVALUATION METHODS | ||
| 690 | _aPROPERTY-PROPERTY APPRAISAL AND VALUATION | ||
| 942 | _n0 | ||
| 999 |
_c66061 _d66061 |
||